00589 a2200181 4500003000400000005001700004008004100021020001800062040000900080082002000089100002500109245002600134260003900160300001000199942004600209952013500255999001700390OSt20231107104031.0231107b |||||||| |||| 00| 0 eng d a9789355492555 coclc a894.8129bKAR/U aKarassery, M N91986 aUMMA /cM N Karasseri aKerala:bMathrubhumi books,c2022. a112 p 2ddccBKh894.8129iKAR/Uk894.8129mKAR/U 00102ddc40708MEMOIRSaMESbMEScISLd2024-01-05l0o894.8129 KAR/Up44377r2024-01-05 14:04:45v200.00w2024-01-05yBKzGL47R3 c42841d42841